000 00649nam a2200193Ia 4500
003 GCL
008 140319s9999 xx 000 0 ara d
040 _aGCL /
_cGCL
082 0 4 _a256
_bب ج
100 1 _aبيترز، رودلف
245 1 0 _aالجهاد فى الاسلام قديما وحديثا /
_cبيترز، رودلف
300 _a203 ص
490 _aالهيئة العامة للاستعلامات
_v0
650 0 4 _aالاسلام
650 0 4 _aالتاريخ الاسلامى
650 0 4 _aالاسلام - تاريخ - عصر النشأة
650 0 4 _aالاسلام - تاريخ - العصرالحديث
942 _2ddc
_cBK
999 _c48033
_d48033